The Palgrave Handbook of Bottom-Up Urbanism

Who shapes our cities? In an age of increasing urban pluralism, globalization and immigration, decreasing public budgets, and an ongoing crisis of authority among designers and planners, the urban environment is shaped by a number of non-traditional stakeholders. The book surveys the kaleidoscope of...

Full description

Bibliographic Details
Corporate Author: SpringerLink (Online service)
Other Authors: Arefi, Mahyar (Editor, http://id.loc.gov/vocabulary/relators/edt), Kickert, Conrad (Editor, http://id.loc.gov/vocabulary/relators/edt)
Format: Electronic eBook
Language:English
Published: Cham : Springer International Publishing : Imprint: Palgrave Macmillan, 2019.
Edition:1st ed. 2019.
Subjects:
Online Access:Full Text via HEAL-Link
LEADER 03900nam a2200517 4500
001 978-3-319-90131-2
003 DE-He213
005 20191029002010.0
007 cr nn 008mamaa
008 180627s2019 gw | s |||| 0|eng d
020 |a 9783319901312  |9 978-3-319-90131-2 
024 7 |a 10.1007/978-3-319-90131-2  |2 doi 
040 |d GrThAP 
050 4 |a HT101-395 
072 7 |a JHB  |2 bicssc 
072 7 |a SOC026030  |2 bisacsh 
072 7 |a JHB  |2 thema 
072 7 |a JBSD  |2 thema 
082 0 4 |a 307.76  |2 23 
245 1 4 |a The Palgrave Handbook of Bottom-Up Urbanism  |h [electronic resource] /  |c edited by Mahyar Arefi, Conrad Kickert. 
250 |a 1st ed. 2019. 
264 1 |a Cham :  |b Springer International Publishing :  |b Imprint: Palgrave Macmillan,  |c 2019. 
300 |a XVII, 357 p. 54 illus.  |b online resource. 
336 |a text  |b txt  |2 rdacontent 
337 |a computer  |b c  |2 rdamedia 
338 |a online resource  |b cr  |2 rdacarrier 
347 |a text file  |b PDF  |2 rda 
505 0 |a 1. Introduction -- 2. Insurgency Meets Institution in Urban Placemaking -- 3. Guerrilla Architecture & Humanitarian Design -- 4. The Practice of Urbanism: From Public Participation to Community Development -- 5. Lean Urbanism is About Making Small Possible -- 6. Informal Urbanism and the American City -- 7. DIY Neighborhoods -- 8. The Self-Made City: Alternative Living and Urban Development Models -- 9. Bottom-up urbanism in Greece -- 10. Making Good Urbanism in Central Africa -- 11. New Trends in Bottom-up Urbanism & Governance: Reformulating Ways For Municipalities to Engage with Citizen-Led Urban Initiatives -- 12. Unplanned Creativity? Islam, Muslims and Urban Innovation in Germany -- 13. Endurance, Compliance, Victory: Learning from Informal Settlements in Five Iranian Cities -- 14. Space, Time & Agency on the Indian Street. 
520 |a Who shapes our cities? In an age of increasing urban pluralism, globalization and immigration, decreasing public budgets, and an ongoing crisis of authority among designers and planners, the urban environment is shaped by a number of non-traditional stakeholders. The book surveys the kaleidoscope of views on the agency of urbanism, providing an overview of the various scholarly debates and territories that pertain to bottom-up efforts such as everyday urbanism, DIY urbanism, guerilla urbanism, tactical urbanism, and lean urbanism. Uniquely, this books seeks connections between the various movements by curating a range of views on the past, present, and future of bottom-up urbanism. The contributors also connect the recent trend of bottom-up efforts in the West with urban informality in the Global South, drawing parallels and finding contrast between social and institutional structures across the globe. The book appeals to urbanists in the widest sense of the word: those who shape, study, and improve our urban spaces. . 
650 0 |a Sociology, Urban. 
650 0 |a Urban planning. 
650 0 |a City planning. 
650 0 |a Urban geography. 
650 1 4 |a Urban Studies/Sociology.  |0 http://scigraph.springernature.com/things/product-market-codes/X22250 
650 2 4 |a Urbanism.  |0 http://scigraph.springernature.com/things/product-market-codes/K18006 
650 2 4 |a Urban Geography / Urbanism (inc. megacities, cities, towns).  |0 http://scigraph.springernature.com/things/product-market-codes/J15010 
700 1 |a Arefi, Mahyar.  |e editor.  |4 edt  |4 http://id.loc.gov/vocabulary/relators/edt 
700 1 |a Kickert, Conrad.  |e editor.  |4 edt  |4 http://id.loc.gov/vocabulary/relators/edt 
710 2 |a SpringerLink (Online service) 
773 0 |t Springer eBooks 
776 0 8 |i Printed edition:  |z 9783319901305 
776 0 8 |i Printed edition:  |z 9783319901329 
776 0 8 |i Printed edition:  |z 9783030079390 
856 4 0 |u https://doi.org/10.1007/978-3-319-90131-2  |z Full Text via HEAL-Link 
912 |a ZDB-2-SLS 
950 |a Social Sciences (Springer-41176)